Religion Quiz

Random Religion or Church Quiz

Saint ... of Where Quiz Stats

Quiz not verified by Sporcle

Also try: John 3:16
Challenge
Share
Tweet
Embed
Score 0/37 Timer 05:00
0 Plays Today
Hint Saint Name % Correct
Saint ... of ArcJoan
87.5%
Saint ... of AssisiFrancis
84.4%
Saint ... of the CrossJohn
81.3%
Saint ... of LisieuxTherese
78.1%
Saint ... of HippoAugustine
75%
Saint ... of EnglandGeorge
75%
Saint ... of AvilaTeresa
71.9%
Saint ... of SienaCatherine
68.8%
Saint ... de PaulVincent
68.8%
Saint ... of PaduaAnthony
62.5%
Saint ... of LoyolaIgnatius
62.5%
Saint ... of CyreneSimon
59.4%
Saint ... of AlcantaraPeter
53.1%
Saint ... of ToursMartin
53.1%
Saint ... of LimaRose
50%
Saint ... of ClairvauxBernard
50%
Saint ... of HungaryElizabeth
46.9%
Saint ... of CupertinoJoseph
46.9%
Saint ... of NyssaGregory
40.6%
Hint Saint Name % Correct
Saint ... of JerusalemCyril
40.6%
Saint ... de MontfortLouis
31.3%
Saint ... of BohemiaAgnes
28.1%
Saint ... of PoitiersHilary
28.1%
Saint ... of MilanAmbrose
28.1%
Saint ... of CaesareaBasil
28.1%
Saint ... of BrindisiLawrence
25%
Saint ... of SmyrnaPolycarp
25%
Saint ... of PietrelcinaPio
25%
Saint ... of IrelandBrigid
25%
Saint ... of CarthageCyprian
25%
Saint ... of AlexandriaAthanasius
21.9%
Saint ... of LyonIrenaeus
21.9%
Saint ... of AlexandriaClement
18.8%
Saint ... of YorkWilliam
18.8%
Saint ... of RomeFrances
18.8%
Saint ... of NolaFelix
15.6%
Saint ... of CanterburyAnselm
12.5%

You're not logged in!

Compare scores with friends on all Sporcle quizzes.
Sign Up with Email
OR
Log In

You Might Also Like...

Show Comments

Extras

Top Quizzes Today


Score Distribution

Your Account Isn't Verified!

In order to create a playlist on Sporcle, you need to verify the email address you used during registration. Go to your Sporcle Settings to finish the process.